Alle Bahnhöfe der RE6 (RRX) - Statistiken

Allgemein
  • Dieses Quiz wurde 192 mal gespielt
  • Das Durchschnittsergebnis liegt bei 19 aus 26
Antwortstatistiken
Antwort % Korrekt
Dortmund Hbf
95%
Duisburg Hbf
95%
Köln Hbf
95%
Essen Hbf
91%
Bochum Hbf
90%
Bielefeld Hbf
86%
Hamm Hbf
86%
Minden (Westf)
83%
Düsseldorf Flughafen
81%
Köln/Bonn Flughafen
80%
Gütersloh Hbf
76%
Mülheim (Ruhr) Hbf
75%
Kamen
73%
Wattenscheid
72%
Porta Westfalica
71%
Herford
68%
Neuss Hbf
67%
Rheda - Wiedenbrück
66%
Bad Oeynhausen
65%
Ahlen (Westf)
63%
Dormagen
63%
Oelde
58%
Löhne (Westf)
55%
Hamm - Heessen
52%
Beckum - Neubeckum
50%
Düsseldorf Bilk
45%
Keine übereinstimmenden Quizze gefunden
Verteilung der Resultate
Anzahl Personen mit jedem Resultat
Perzentil nach korrekt beantworteten Fragen
Ihre Resultats-Entwicklung
Sie haben dieses Quiz noch nicht gespielt